000 00687nam a2200205Ia 4500
003 GCL
008 140319s9999 xx 000 0 ara d
040 _aGCL /
_cGCL
082 0 4 _a301.248
_bع ع
100 1 _aعبدالهادى الجوهرى
245 1 0 _aعلم اجتماع الادارة: مفاهيم وقضايا /
_cعبدالهادى الجوهرى
260 _a[S.N] :
_bدار المعارف ،
_c1987
300 _a262 ص
490 _aسلسلة علم الاجتماع المعاصر
_v0
650 0 4 _aالادارة
650 0 4 _aالاجتماع
650 0 4 _aالاجتماع السياسى
650 0 4 _aالحركات الاجتماعية
942 _2ddc
_cBK
999 _c28352
_d28352